[Event "AUTO-OPEN-2884"]
[Site "http://www.queenalice.com/game.php?id=1138833"]
[Date "2013.1.9"]
[Round "1"]
[White "Velasquez"]
[Black "gingalmesh"]
[Result "1-0"]
[WhiteElo "1638"]
[BlackElo "1920"]

1. e4 c5 2. Nc3 Nc6 3. Bb5 e6 4. f4 Nd4 5. Nf3 a6 6. Be2 g6 7. O-O Bg7 8. e5 Ne7
9. Nxd4 cxd4 10. Ne4 O-O 11. d3 b5 12. Nc5 Nf5 13. Bf3 a5 14. Bxa8 Qc7 15. Nb3
Qa7 16. Be4 Ne3 17. Bxe3 dxe3 18. Kh1 a4 19. Nc1 f5 20. Bf3 d6 21. exd6 Bxb2 22.
Rb1 a3 23. Nb3 Rd8 24. Qe1 Rxd6 25. Qb4 Rd7 26. Qxb5 Kf7 27. Nc5 Rc7 28. Bc6 Bd4
29. Nb3 Bd7 30. Nxd4 Qxd4 31. Bxd7 Rxd7 32. Rb3 e2 33. Re1 Re7 34. Rxa3 Qf2 35.
Qb1 h6 36. Rb3 g5 37. fxg5 hxg5 38. Qc1 Rc7 39. Rb2 Kf6 40. c4 Qd4 41. Rbxe2 Rc6
42. Qe3 Qc3 43. a4 f4 44. Qe5+ Qxe5 45. Rxe5 Ra6 46. Rxe6+ Rxe6 47. Rxe6+ Kxe6
48. Kg1 Kd6 49. Kf2 g4 50. h3 1-0

[Event "AUTO-OPEN-2884"]
[Site "http://www.queenalice.com/game.php?id=1138858"]
[Date "2013.1.9"]
[Round "1"]
[White "Espechess"]
[Black "Velasquez"]
[Result "1-0"]
[WhiteElo "2167"]
[BlackElo "1612"]

1. e4 g6 2. d4 c5 3. c3 Bg7 4. Nf3 cxd4 5. cxd4 Qa5+ 6. Bd2 Qb6 7. Bc3 Nc6 8.
Be2 d6 9. Nbd2 Nh6 10. h3 Bd7 11. O-O Nxd4 12. Nxd4 Bxd4 13. Nc4 Qc7 14. Bxd4
O-O 15. Qd2 e5 16. Be3 Ng4 17. hxg4 Bxg4 18. f3 Be6 19. Qxd6 Qxd6 20. Nxd6 b6
21. Bc4 Bd7 22. f4 exf4 23. Rxf4 1-0

[Event "AUTO-OPEN-2884"]
[Site "http://www.queenalice.com/game.php?id=1138859"]
[Date "2013.1.9"]
[Round "1"]
[White "Velasquez"]
[Black "Espechess"]
[Result "0-1"]
[WhiteElo "1614"]
[BlackElo "2157"]

1. e4 c6 2. Bc4 e6 3. Nf3 d5 4. exd5 cxd5 5. Bb5+ Bd7 6. Be2 Nf6 7. Nc3 Nc6 8.
d4 Bb4 9. Bg5 O-O 10. Qd3 h6 11. Bh4 Re8 12. O-O Be7 13. a3 a6 14. Rfe1 Nh7 15.
Bg3 Ng5 16. Nxg5 Bxg5 17. Rad1 Bf6 18. Bg4 Bxd4 19. b4 Qf6 20. Ne2 Be5 21. Nf4
Bxf4 0-1

[Event "AUTO-OPEN-2884"]
[Site "http://www.queenalice.com/game.php?id=1138874"]
[Date "2013.1.9"]
[Round "1"]
[White "Nunes"]
[Black "Velasquez"]
[Result "1-0"]
[WhiteElo "2146"]
[BlackElo "1640"]

1. e4 e6 2. d4 d5 3. Nc3 Bb4 4. Bd2 Nc6 5. exd5 exd5 6. Nf3 Nf6 7. Bd3 Qe7+ 8.
Qe2 Qxe2+ 9. Bxe2 Bf5 10. O-O-O O-O 11. Bg5 Bxc3 12. bxc3 Ne4 13. Rde1 Nxc3 14.
Kb2 Ne4 15. Be3 Rfe8 16. Nh4 Be6 17. a3 a6 18. Bd3 Nf6 19. Nf3 Ng4 20. h3 Nxe3
21. Rxe3 f6 22. Rhe1 Bf7 23. Kc3 Rxe3 24. Rxe3 Re8 25. Rxe8+ Bxe8 26. Nd2 Bf7
27. Nb3 Nb8 28. Nc5 h6 29. Nxb7 Kf8 30. Nc5 a5 31. Nb7 a4 32. Bb5 Be8 33. Bxe8
Kxe8 34. Nc5 Ke7 35. Nxa4 Kd6 36. Kd3 Na6 37. c4 g5 38. g4 Ke6 39. Nc5+ Nxc5+
40. dxc5 Ke5 41. a4 dxc4+ 42. Kxc4 c6 43. a5 1-0

[Event "AUTO-OPEN-2884"]
[Site "http://www.queenalice.com/game.php?id=1138875"]
[Date "2013.1.9"]
[Round "1"]
[White "Velasquez"]
[Black "Nunes"]
[Result "0-1"]
[WhiteElo "1665"]
[BlackElo "2197"]

1. e4 c5 2. Nc3 g6 3. Bb5 Bg7 4. f4 a6 5. Be2 Nc6 6. Nf3 d6 7. O-O Nf6 8. Qe1
O-O 9. a3 Nd4 10. Nxd4 cxd4 11. Nd5 Nxe4 12. Bf3 Nf6 13. Nxe7+ Kh8 14. Nxc8 Qxc8
15. Qe7 d5 16. Bd1 Qc6 17. d3 a5 18. Qe1 Rfe8 19. Qf2 Re7 20. Kh1 Rae8 21. Qxd4
Ng4 22. Qg1 Ne3 23. Bxe3 Rxe3 24. c3 d4 25. Bf3 Qb5 26. cxd4 Bxd4 27. Qf2 Qxd3
28. Bxb7 R3e6 29. Qh4 Bxb2 30. Rae1 Rxe1 31. Rxe1 Rxe1+ 32. Qxe1 Qxa3 33. Qe8+
Kg7 34. g3 Qd3 35. Qe1 Bc3 36. Qc1 a4 37. Kg2 Qd2+ 38. Qxd2 Bxd2 39. Kf2 a3 40.
Bd5 f5 41. Ke2 Bc1 42. Kf3 h6 43. Be6 Kf6 44. Bb3 g5 45. fxg5+ hxg5 46. Ke2 f4
47. gxf4 gxf4 48. Kf3 Kg5 49. h3 Be3 50. Ba2 Bc5 51. Bb3 Kf5 52. Ke2 Ke4 53.
Bc2+ Kd4 54. Bb1 Kc3 55. Ba2 Kb2 56. Bd5 Bf8 57. Kf3 Bh6 58. h4 a2 59. Bxa2 Kxa2
60. Ke2 Kb2 0-1

[Event "AUTO-INT-2552"]
[Site "http://www.queenalice.com/game.php?id=1149631"]
[Date "2013.2.7"]
[Round "1"]
[White "KnightChess"]
[Black "Velasquez"]
[Result "0-1"]
[WhiteElo "1513"]
[BlackElo "1746"]

1. d4 Nf6 2. c4 c5 3. Nf3 cxd4 4. Nxd4 e5 5. Nf3 e4 6. Ng5 h6 7. Nh3 d5 8. cxd5
Qxd5 9. Qa4+ Bd7 10. Qc2 Nc6 11. Nf4 Qe5 12. e3 Nb4 13. Qc3 Qxc3+ 14. bxc3 Nc2+
15. Kd2 Nxa1 16. Bb2 Be7 17. Bxa1 O-O 18. Be2 Rfd8 19. Ke1 Bc6 20. c4 Rd7 21.
Nc3 Rad8 22. h4 Bb4 23. Kf1 g5 24. hxg5 hxg5 25. Ncd5 Nh7 26. Bd4 Bxd5 27. Nxd5
Rxd5 28. cxd5 Rxd5 29. Bc4 Rd7 30. g4 a6 31. Rh6 b5 32. Bb3 a5 33. Bc2 Rd6 34.
Rxd6 Bxd6 35. Bxe4 Bc7 36. Bc6 b4 37. Bd5 Bd8 38. f4 Kf8 39. f5 Nf6 40. Bf3 Nd7
41. Ke2 Ke7 42. Kd3 Kd6 43. Kc4 f6 44. e4 Ne5+ 45. Bxe5+ Kxe5 46. Kd3 Be7 47.
Bd1 Bc5 48. Bc2 Kd6 49. Kc4 Bb6 50. Kb5 Bd8 51. Ka6 Ke5 52. Kb7 Kf4 53. Kc8 Be7
54. Kd7 Bc5 55. Ke6 Bd4 56. Kd5 Bc3 57. Kc5 Kxg4 58. Kb5 Kf4 59. Kxa5 g4 60. e5
Kxe5 61. Kb5 g3 62. Kc4 g2 63. a3 g1=Q 64. axb4 Qd4+ 65. Kb3 Qxb4+ 66. Ka2 Qb2#
0-1

[Event "AUTO-INT-2552"]
[Site "http://www.queenalice.com/game.php?id=1149632"]
[Date "2013.2.7"]
[Round "1"]
[White "Velasquez"]
[Black "KnightChess"]
[Result "1-0"]
[WhiteElo "1715"]
[BlackElo "1475"]

1. e4 Nf6 2. Nc3 Nc6 3. d4 d6 4. Bb5 g6 5. h3 Bg7 6. d5 O-O 7. dxc6 a6 8. cxb7
Bxb7 9. Bd3 c5 10. Nge2 Rc8 11. Ng3 c4 12. Be2 Qa5 13. Bd2 Qb4 14. Qc1 Qc5 15.
Be3 Qe5 16. f4 Qe6 17. Bf3 Qd7 18. O-O d5 19. e5 d4 20. exf6 Bxf6 21. Bxb7 Qxb7
22. Nce4 dxe3 23. Nxf6+ exf6 24. Qxe3 Qxb2 25. Qc1 Qd4+ 26. Kh1 Rfe8 27. c3 Qc5
28. Qd1 Rcd8 29. Qg4 h5 30. Qh4 Rd3 31. Kh2 Rxc3 32. Qxf6 Qe3 33. Rf3 Qxf3 34.
gxf3 Rxf3 35. Rd1 c3 36. Rd8 Rxd8 37. Qxd8+ Kg7 38. Qd4+ Kg8 39. Kg2 c2 40. Qd2
Ra3 41. Qxc2 h4 42. Ne2 Kg7 43. Nd4 Rg3+ 44. Kh2 Kh6 45. f5 1-0

[Event "AUTO-INT-2552"]
[Site "http://www.queenalice.com/game.php?id=1149645"]
[Date "2013.2.7"]
[Round "1"]
[White "sioux"]
[Black "Velasquez"]
[Result "0-1"]
[WhiteElo "1522"]
[BlackElo "1777"]

1. e4 e6 2. Nf3 d5 3. exd5 Qxd5 4. c4 Qa5 5. Nc3 Nf6 6. Be2 Bd6 7. b3 c6 8. a3
O-O 9. b4 Qc7 10. c5 Bf4 11. O-O Rd8 12. g3 Bh6 13. d3 Bxc1 14. Qxc1 Nbd7 15. d4
Nf8 16. Rd1 Ng6 17. Bd3 Nf8 18. h4 Nh5 19. Be2 Ng6 20. Ng5 Nxg3 21. fxg3 Qxg3+
22. Kf1 Nf4 23. Nge4 Qh3+ 24. Ke1 Qxh4+ 25. Kd2 Rxd4+ 26. Kc2 Nxe2 27. Nxe2
Qxe4+ 28. Kb3 Rxd1 29. Qxd1 Qd5+ 30. Qxd5 cxd5 31. Nd4 e5 32. Nc2 Be6 33. Re1
d4+ 34. Kb2 d3 35. Ne3 Rd8 36. Kc1 d2+ 37. Kd1 dxe1=Q+ 38. Kxe1 Rd3 39. Nc2 h5
40. Ke2 Rg3 41. Ne1 h4 42. Kf2 Bd5 43. a4 f5 44. b5 f4 45. c6 bxc6 46. bxc6 Bxc6
47. a5 h3 0-1

[Event "AUTO-INT-2552"]
[Site "http://www.queenalice.com/game.php?id=1149646"]
[Date "2013.2.7"]
[Round "1"]
[White "Velasquez"]
[Black "sioux"]
[Result "1-0"]
[WhiteElo "1721"]
[BlackElo "1604"]

1. e4 e5 2. Nf3 Nc6 3. Bb5 Nge7 4. Nc3 d6 5. d3 g6 6. O-O Bd7 7. Be3 a6 8. Ba4
b5 9. Bb3 b4 10. Nd5 Nxd5 11. Bxd5 Bg7 12. Ng5 Bh6 13. Nxf7 Qc8 14. Nxh8 Bg7 15.
Qf3 Bxh8 16. Qf7+ Kd8 17. Bg5+ Ne7 18. Qxe7# 1-0

[Event "AUTO-INT-2552"]
[Site "http://www.queenalice.com/game.php?id=1149655"]
[Date "2013.2.7"]
[Round "1"]
[White "Velasquez"]
[Black "biskydad"]
[Result "1-0"]
[WhiteElo "1691"]
[BlackElo "1503"]

1. e4 e5 2. Nf3 Qe7 3. Nc3 d6 4. Bc4 Nd7 5. d3 Ngf6 6. Nb5 Nc5 7. Bg5 a6 8. Nc3
h6 9. Nd5 Qd8 10. Nxf6+ gxf6 11. Bh4 Be6 12. Bxe6 fxe6 13. c3 Qe7 14. b4 Qg7 15.
bxc5 dxc5 16. Bg3 O-O-O 17. O-O c4 18. d4 Qg6 19. Qe2 Bd6 20. dxe5 fxe5 21. Rab1
Rhg8 22. Qxc4 Rd7 23. Rb3 c5 24. Rfb1 b5 25. Qe2 c4 26. R3b2 Ba3 27. Rc2 h5 28.
Nh4 Qg7 29. Qxh5 Qf8 30. Bxe5 Qd8 31. Bg3 Rd2 32. Rxd2 Qxd2 33. Rd1 Qxc3 34. Qf7
Rxg3 35. Qd7+ Kb8 36. Qd8+ Kb7 37. Rd7+ Kc6 38. Qc7# 1-0

[Event "AUTO-INT-2552"]
[Site "http://www.queenalice.com/game.php?id=1149656"]
[Date "2013.2.7"]
[Round "1"]
[White "biskydad"]
[Black "Velasquez"]
[Result "0-1"]
[WhiteElo "1512"]
[BlackElo "1682"]

1. e4 e6 2. e5 d5 3. d4 c5 4. Ne2 Nc6 5. c3 Qb6 6. Be3 Qxb2 7. Nd2 cxd4 8. cxd4
Bb4 9. Rb1 Bxd2+ 10. Bxd2 Qxa2 11. Bc3 Qa3 12. Ra1 Qe7 13. g3 Qc7 14. Nf4 Nxe5
15. Bb2 Nc6 16. Bb5 Bd7 17. Rc1 Qa5+ 18. Rc3 Qxb5 19. Qc2 Nxd4 20. Qd3 Qxb2 21.
O-O Nf5 22. Rc2 Qb6 23. Rfc1 Nge7 24. g4 Nd6 25. Qg3 O-O 26. Qc3 Rac8 27. Qe5
Rxc2 28. Nh5 Rxc1+ 29. Kg2 f6 30. Qf4 Rc6 31. g5 fxg5 32. Qxg5 Qxf2+ 33. Kh3
Rc3+ 34. Kg4 e5+ 35. Qf5 Qxf5+ 36. Kh4 Qg4# 0-1

[Event "AUTO-INT-2554"]
[Site "http://www.queenalice.com/game.php?id=1150287"]
[Date "2013.2.9"]
[Round "1"]
[White "Clemente"]
[Black "Velasquez"]
[Result "0-1"]
[WhiteElo "1459"]
[BlackElo "1774"]

1. e4 e6 2. h4 Be7 3. a4 d5 4. Bb5+ c6 5. Bd3 Bxh4 6. g3 Bf6 7. exd5 Qxd5 8. Nf3
Ne7 9. Nc3 Bxc3 10. dxc3 g6 11. c4 Qd8 12. Ng5 h5 13. Qf3 O-O 14. g4 hxg4 15.
Qxg4 f5 16. Qh4 Kg7 17. Qh7+ Kf6 18. Qh4 Rg8 19. Nh7+ Kf7 20. Bg5 Rh8 21. Bf6
Rxh7 22. Qxh7+ Kxf6 23. Qh4+ Kf7 24. O-O-O Qg8 25. c5 Nd7 26. Rh2 b6 27. cxb6
axb6 28. b3 Ne5 29. Be2 Bb7 30. Rg2 Qh8 31. Qg5 c5 32. Rg3 b5 0-1

[Event "AUTO-INT-2554"]
[Site "http://www.queenalice.com/game.php?id=1150288"]
[Date "2013.2.9"]
[Round "1"]
[White "Velasquez"]
[Black "Clemente"]
[Result "1-0"]
[WhiteElo "1768"]
[BlackElo "1514"]

1. e4 d6 2. Bb5+ Bd7 3. Bc4 e6 4. d3 d5 5. exd5 Qf6 6. dxe6 Bxe6 7. Bxe6 fxe6 8.
Nf3 e5 9. O-O Bc5 10. Nxe5 Nd7 11. Nxd7 Kxd7 12. Qg4+ Ke8 13. Nc3 h5 14. Qe4+
Ne7 15. Nd5 Qc6 16. Re1 Kd7 17. Nxe7 Qxe4 18. Rxe4 Bxe7 19. Bf4 Raf8 20. Bxc7
Rc8 21. Be5 Rhg8 22. c4 g6 23. Rae1 Bb4 24. Bc3 a5 25. Rd4+ Kc7 26. Bxb4 axb4
27. Re7+ Kb8 28. Rdd7 Rgd8 29. Rxb7+ Ka8 30. Ra7+ 1-0

[Event "AUTO-INT-2554"]
[Site "http://www.queenalice.com/game.php?id=1150301"]
[Date "2013.2.9"]
[Round "1"]
[White "umgeher"]
[Black "Velasquez"]
[Result "0-1"]
[WhiteElo "1673"]
[BlackElo "1732"]

1. e4 e6 2. d4 d5 3. Nc3 Bb4 4. Ne2 dxe4 5. Nf4 b6 6. Nh5 Nf6 7. Nxg7+ Ke7 8.
Bg5 Rg8 9. Bxf6+ Kxf6 10. Nh5+ Ke7 11. g3 Nd7 12. Bg2 Bxc3+ 13. bxc3 Bb7 14. O-O
Ke8 15. Qe2 f5 16. Nf4 Qf6 17. Qh5+ Ke7 18. Qxh7+ Rg7 19. Qh5 Rag8 20. Rad1 Rg4
21. h4 Rh8 22. Ng6+ Rxg6 23. Qe2 a6 24. a4 Nb8 25. Qe3 a5 26. Rb1 f4 27. Qxf4
Qxf4 28. gxf4 Rhg8 29. Kh1 Rxg2 30. Rg1 Rxg1+ 31. Rxg1 e3+ 32. Kh2 Rxg1 33. fxe3
Rg2+ 34. Kh3 Be4 35. h5 Rg8 0-1

[Event "AUTO-INT-2554"]
[Site "http://www.queenalice.com/game.php?id=1150311"]
[Date "2013.2.9"]
[Round "1"]
[White "Velasquez"]
[Black "tango2011"]
[Result "1-0"]
[WhiteElo "1761"]
[BlackElo "1542"]

1. e4 c5 2. Nc3 d6 3. Bc4 e6 4. f4 Be7 5. Nf3 h6 6. O-O Nf6 7. d3 O-O 8. Qe2 Nc6
9. e5 Nd7 10. exd6 Bxd6 11. Nb5 Nf6 12. Nxd6 Qxd6 13. c3 Na5 14. Bb3 Nxb3 15.
axb3 Re8 16. Ne5 Qd5 17. c4 Qd4+ 18. Be3 Qd6 19. g4 Qb6 20. g5 hxg5 21. fxg5 Nh7
22. Rxf7 Qd8 23. Qh5 Rf8 24. g6 Rxf7 25. Qxh7+ Kf8 26. Bxc5+ 1-0

[Event "AUTO-INT-2554"]
[Site "http://www.queenalice.com/game.php?id=1150312"]
[Date "2013.2.9"]
[Round "1"]
[White "tango2011"]
[Black "Velasquez"]
[Result "0-1"]
[WhiteElo "1550"]
[BlackElo "1753"]

1. d4 d5 2. e3 Nf6 3. Nf3 Bg4 4. Be2 e6 5. O-O Bd6 6. h3 Bh5 7. Nbd2 O-O 8. Nh2
Bg6 9. c4 dxc4 10. Nxc4 Bxh2+ 11. Kxh2 Qd5 12. Qb3 Be4 13. f3 Bg6 14. Qc3 Nc6
15. Nd2 Rfd8 16. Nb3 Qd6+ 17. g3 Nd5 18. Nc5 Nxc3 19. Nxb7 Qd7 20. Nxd8 Nxe2 21.
Nxc6 Qxc6 22. Bd2 Qc2 23. Bc3 Nf4+ 0-1

[Event "AUTO-INT-2554"]
[Site "http://www.queenalice.com/game.php?id=1171452"]
[Date "2013.4.14"]
[Round "2"]
[White "Ustin"]
[Black "Velasquez"]
[Result "1-0"]
[WhiteElo "2005"]
[BlackElo "1807"]

1. e4 e6 2. d4 d5 3. exd5 exd5 4. Nf3 Bg4 5. Bd3 Nc6 6. Be3 Qf6 7. Be2 O-O-O 8.
Bg5 Qf5 9. Bxd8 Kxd8 10. h3 Bxf3 11. Bxf3 Nf6 12. O-O Bd6 13. Qd2 Bf4 14. Qc3
Re8 15. Nd2 g5 16. Rfe1 g4 17. Rxe8+ Kxe8 18. hxg4 Nxg4 19. Bxg4 Qxg4 20. Qf3
Qg5 21. Nb3 Qh6 22. Re1+ Kf8 23. g3 Bd6 24. Kg2 Qg5 25. c3 h5 26. Nc5 Kg7 27.
Nxb7 Be7 28. Nc5 Bxc5 29. dxc5 h4 30. b4 1-0

[Event "AUTO-INT-2554"]
[Site "http://www.queenalice.com/game.php?id=1171453"]
[Date "2013.4.14"]
[Round "2"]
[White "Velasquez"]
[Black "Ustin"]
[Result "0-1"]
[WhiteElo "1816"]
[BlackElo "1996"]

1. e4 e5 2. Nf3 Nc6 3. Bb5 a6 4. Ba4 Nf6 5. d3 b5 6. Bb3 Be7 7. O-O d6 8. Ng5
O-O 9. Be3 d5 10. exd5 Nxd5 11. Bxd5 Qxd5 12. Nc3 Qd8 13. Qh5 Bxg5 14. Bxg5 Qd4
15. Ne4 f5 16. Nc3 Be6 17. Qf3 Qd7 18. Rfe1 Rae8 19. a3 h6 20. Be3 Nd4 21. Bxd4
exd4 22. Ne2 Bd5 23. Qf4 c5 24. Ng3 g5 25. Qd2 f4 26. Ne4 Bxe4 27. dxe4 f3 28.
g3 Qh3 0-1

[Event "AUTO-INT-2554"]
[Site "http://www.queenalice.com/game.php?id=1171456"]
[Date "2013.4.14"]
[Round "2"]
[White "Velasquez"]
[Black "carlitomontana93270"]
[Result "1-0"]
[WhiteElo "1799"]
[BlackElo "1565"]

1. e4 g6 2. d4 Bg7 3. Bc4 d6 4. Nf3 e5 5. dxe5 dxe5 6. Qxd8+ Kxd8 7. Bxf7 Nc6 8.
O-O Bd7 9. Rd1 Nf6 10. Bg5 Ke7 11. Bxf6+ Kxf7 12. Bxg7 Kxg7 13. Rxd7+ Kh6 14.
Rxc7 Na5 15. Nxe5 Rhd8 16. Nc3 Rd2 17. Nd5 Re8 18. Nf7+ Kh5 19. Nf6+ Kh4 20. g3+
1-0

[Event "AUTO-INT-2554"]
[Site "http://www.queenalice.com/game.php?id=1171457"]
[Date "2013.4.14"]
[Round "2"]
[White "carlitomontana93270"]
[Black "Velasquez"]
[Result "0-1"]
[WhiteElo "1573"]
[BlackElo "1777"]

1. c4 Nf6 2. e3 c5 3. d4 e6 4. Nf3 cxd4 5. exd4 Qb6 6. Bd3 Nc6 7. c5 Qc7 8. O-O
Ng4 9. Ne5 Ngxe5 10. dxe5 Nxe5 11. Be3 Bxc5 12. Bxc5 Qxc5 13. Nc3 Nxd3 14. Qxd3
O-O 15. Rac1 Qb6 16. b3 d5 17. Na4 Qd6 18. Rc2 Bd7 19. Rfc1 Bxa4 20. bxa4 f6 21.
Rc7 b6 0-1

[Event "AUTO-INT-2552"]
[Site "http://www.queenalice.com/game.php?id=1176403"]
[Date "2013.4.29"]
[Round "2"]
[White "Velasquez"]
[Black "walldi"]
[Result "0-1"]
[WhiteElo "1806"]
[BlackElo "1824"]

1. e4 c5 2. Nc3 d6 3. Bb5+ Bd7 4. Bc4 e6 5. f4 Nc6 6. Nf3 a6 7. O-O Nf6 8. a3
Qc7 9. d3 Be7 10. Qe2 Nd4 11. Nxd4 cxd4 12. Nd1 b5 13. Bb3 Qc5 14. f5 Rc8 15.
Bg5 O-O 16. fxe6 Bxe6 17. Bxe6 fxe6 18. Nf2 Qxg5 0-1

[Event "AUTO-INT-2552"]
[Site "http://www.queenalice.com/game.php?id=1176404"]
[Date "2013.4.29"]
[Round "2"]
[White "walldi"]
[Black "Velasquez"]
[Result "1-0"]
[WhiteElo "1839"]
[BlackElo "1791"]

1. e4 e6 2. d4 d5 3. Nc3 c5 4. exd5 exd5 5. dxc5 Nf6 6. Be3 a6 7. Be2 Nc6 8. Nf3
Qa5 9. O-O Be6 10. a3 Rd8 11. b4 Qc7 12. Qd2 Be7 13. Bf4 Qd7 14. Bd3 Nh5 15. Ne5
Nxe5 16. Bxe5 d4 17. Ne4 Qd5 18. Nd6+ Bxd6 19. Bxd6 Nf6 20. Rfe1 Kd7 21. b5 axb5
22. Bxb5+ 1-0